000 00687cab a2200241 4500
001 ABS54968
008 090401t1996 xxu||||| |||| 00| 0 eng d
035 _a(Sirsi) u13421
041 _aeng
100 _aLine, B.
245 _aMethodologically mithered?
260 _c1996
350 _a0
490 _aHousing and Planning Review
_v51(2) April & May 1996, 12-13(2)
520 _aConsiders factors to be taken into account when carrying out housing needs studies for local authorities.
650 _aCONCEALED HOUSEHOLDS
650 _aHOUSING NEEDS SURVEYS
650 _aRENTED SECTOR
690 _aHOUSING
700 _aDunmore, K.
942 _n0
948 _c04/03/1997
999 _c8653
_d8653